| 000 | 00862nam a22002297a 4500 | ||
|---|---|---|---|
| 001 | 44143 | ||
| 003 | BD-RjUL | ||
| 005 | 20211209053815.0 | ||
| 008 | 160714s1976 bg ||||| |||| 00| 0 ben d | ||
| 020 | _c: TK 45.00 | ||
| 035 | _a(BD-RjUL)44261 | ||
| 040 |
_aBD-RjUL _bben _cBD-RjUL |
||
| 041 | _aben | ||
| 082 |
_223 _a515 _bASD 1978 |
||
| 100 |
_aআশরাফ, মোহাম্মদ আলী _9135533 |
||
| 245 | 1 | 0 |
_aডিফারেন্সিয়াল ক্যালকুলাস পরিচয় / _cমোহাম্মদ আলী আশরাফ |
| 260 |
_aঢাকা : _bবাংলা একাডেমী, _c১৯৭৮ |
||
| 300 |
_a[১২], ৫২৮ পৃ. : _bচিত্র ; _c২১ সেমি. |
||
| 650 |
_aCalculus _9135534 |
||
| 650 |
_aক্যালকুলাস _9135535 |
||
| 942 |
_2ddc _cBK |
||
| 999 |
_c44143 _d44143 |
||